000 00330nam a2200133Ia 4500
008 230818s1987 xx 000 0 und d
041 _aeng
100 _aGeorge J. Banwart
245 _aBasic Food Microbiology
260 _bC.B.S.Publication
_c1987
300 _a781p
520 _aGeneral | Hard Board
999 _c853919
_d853919
650 _aFood Safety